A 10 legjobb ország a lakástulajdonban - Statistics

General Stats
  • This quiz has been taken 18 times
  • The average score is 3 of 10
Answer Stats
Answer % Correct
Magyarország
87%
Románia
60%
Lengyelország
33%
Bulgária
27%
Észtország
27%
Horvátország
27%
Litvánia
20%
Lettország
13%
Szlovénia
7%
Málta
0%
No matching quizzes found
Score Distribution
Percent of People with Each Score
Percentile by Number Answered
Your Score History
You have not taken this quiz